| 000 | 00700nam a2200229 a 4500 | ||
|---|---|---|---|
| 001 | 000008935 | ||
| 005 | 20240412074208.0 | ||
| 008 | 090921s1989 dr 001 0 spa d | ||
| 020 | _a9802140392 | ||
| 040 |
_aDO-SdBNP _bspa _cBNPHU |
||
| 082 |
_aRD860.62 _bF289p |
||
| 100 | 1 |
_aFebres, Laura _923517 |
|
| 245 | 1 | 0 |
_aPedro Henríquez Ureña : _bcrítico de América / _cLaura Febres. |
| 260 |
_aCaracas, : _bLa Casa de Bello, _c1989. |
||
| 300 |
_a168 p. ; _c23 cm. |
||
| 490 | 1 | _aZona tórrida | |
| 500 | _aIncluye notas al pie de página | ||
| 504 | _aIncluye referencias bibliográficas [p.153-165] | ||
| 650 | 0 |
_aLiteratura dominicana. _967 |
|
| 830 | 0 |
_azona tórrida _923518 |
|
| 049 | _aBNPD | ||
| 999 |
_c8701 _d8701 |
||